Virgin Islands Nonimmigrant Alien Adjustment Act of 1981 : hearing before the Subcommittee on Immigration, Refugees, and International Law of the Committee on the Judiciary, House of Representatives, Ninety-seventh Congress, first session, on H.R. 3517 ... June 18, 1981.

Bibliographic Details
Corporate Author: United States. Congress. House. Committee on the Judiciary. Subcommittee on Immigration, Refugees, and International Law
Format: Government Document eBook
Language:English
Published: Washington : U.S. G.P.O., 1981.
Subjects:
Online Access:https://purl.fdlp.gov/GPO/gpo27911

MARC

Tag First Indicator Second Indicator Subfields
LEADER 00000cam a2200000 a 4500
001 in00002781384
005 20220106085107.0
006 m d f
007 cr bn|||||||||
008 100423s1981 dcu o f000 0 eng c
019 |a 607827023  |a 801243118 
035 |a (OCoLC)ocn608880277 
040 |a OCLCE  |b eng  |c OCLCE  |d OCLCQ  |d OCLCO  |d GPO  |d MvI  |d UtOrBLW 
042 |a pcc 
043 |a nwvi--- 
049 |a WWW 
074 |a 1020-C (online) 
086 0 |a Y 4.J 89/1:97/19 
110 1 |a United States.  |b Congress.  |b House.  |b Committee on the Judiciary.  |b Subcommittee on Immigration, Refugees, and International Law. 
245 1 0 |a Virgin Islands Nonimmigrant Alien Adjustment Act of 1981 :  |b hearing before the Subcommittee on Immigration, Refugees, and International Law of the Committee on the Judiciary, House of Representatives, Ninety-seventh Congress, first session, on H.R. 3517 ... June 18, 1981. 
264 1 |a Washington :  |b U.S. G.P.O.,  |c 1981. 
300 |a 1 online resource (iii, 84 pages) 
336 |a text  |b txt  |2 rdacontent 
337 |a computer  |b c  |2 rdamedia 
338 |a online resource  |b cr  |2 rdacarrier 
500 |a "Serial number 19." 
500 |a Electronic resource. 
650 0 |a Aliens  |z United States Virgin Islands. 
650 0 |a Emigration and immigration law  |z United States Virgin Islands. 
776 0 8 |i Print version:  |a United States. Congress. House. Committee on the Judiciary. Subcommittee on Immigration, Refugees, and International Law.  |t Virgin Islands Nonimmigrant Alien Adjustment Act of 1981  |w (OCoLC)8138096 
856 4 0 |u https://purl.fdlp.gov/GPO/gpo27911  |t 0 
999 |a MARS 
999 f f |s 1ce30658-c93b-316d-a5c8-229917a27b9e  |i 212ad818-40cc-34e3-978c-386b4ac404d9  |t 0 
952 f f |a Texas A&M University  |b College Station  |c Electronic Resources  |d Available Online  |t 0  |e Y 4.J 89/1:97/19  |h Superintendent of Documents classification 
998 f f |a Y 4.J 89/1:97/19  |t 0  |l Available Online